000 00443cam a22001934a 4500
005 20250605164313.0
008 250528s ||||||||||||||||||||||||d
035 _a22598
020 _a9780471081302
040 _aGR-AtMCL
_bgre
_dGR-AtMCL
_eAACR2
245 1 _aBUILDING THE DATA WAREHOUSE
250 _a3
260 _bWiley,
_c2002
300 _a412
700 1 _aInmon W.H
_98363
942 _cBK
999 _c7646
_d7646